History of socialist economic thought (Record no. 32349)

MARC details
000 -LEADER
fixed length control field 00333nam a2200133Ia 4500
082 ## - DEWEY DECIMAL CLASSIFICATION NUMBER
Classification number 330.85
Item number HAR
100 ## - MAIN ENTRY--AUTHOR NAME
Personal name HARDACH, G
245 #0 - TITLE STATEMENT
Title History of socialist economic thought
260 ## - PUBLICATION, DISTRIBUTION, ETC. (IMPRINT)
Place of publication London
Name of publisher Edward Arnold
Year of publication 1978
650 ## - SUBJECT ADDED ENTRY--TOPICAL TERM
Topical Term Socialism
700 ## - ADDED ENTRY--PERSONAL NAME
Personal name KARRAS, D
942 ## - ADDED ENTRY ELEMENTS (KOHA)
Koha item type Books
Holdings
Withdrawn status Lost status Damaged status Not for loan Home library Current library Date acquired Full call number Accession Number Koha item type
        RRII Library RRII Library 16/12/2021 330.85 HAR 12868 Books